Nineteenth century Bengal, (Record no. 69272)

MARC details
000 -LEADER
fixed length control field 00702cam a22002171 4500
001 - CONTROL NUMBER
control field sa 66004180
003 - CONTROL NUMBER IDENTIFIER
control field DLC
005 - DATE AND TIME OF LATEST TRANSACTION
control field 20260227112240.0
008 - FIXED-LENGTH DATA ELEMENTS--GENERAL INFORMATION
fixed length control field 730112s1965 xx 000 0 eng
010 ## - LIBRARY OF CONGRESS CONTROL NUMBER
LC control number sa 66004180
035 ## - SYSTEM CONTROL NUMBER
System control number (OCoLC)536390
040 ## - CATALOGING SOURCE
Original cataloging agency DLC
Transcribing agency OClU
Modifying agency HU
-- DLC
042 ## - AUTHENTICATION CODE
Authentication code premarc
050 00 - LIBRARY OF CONGRESS CALL NUMBER
Classification number HN690.B4
Item number S5
100 1# - MAIN ENTRY--PERSONAL NAME
Personal name Sinha, Pradip
245 10 - TITLE STATEMENT
Title Nineteenth century Bengal,
Remainder of title aspects of social history.
Statement of responsibility, etc. A study in some new pressures on society and in relation between tradition and change.
260 ## - PUBLICATION, DISTRIBUTION, ETC.
Place of publication, distribution, etc. Calcutta,
Name of publisher, distributor, etc. Firma K. L. Mukhopadhyay,
Date of publication, distribution, etc. 1965.
300 ## - PHYSICAL DESCRIPTION
Extent viii,203p.
Dimensions 23cm.
504 ## - BIBLIOGRAPHY, ETC. NOTE
Bibliography, etc. note Bibliography: p.[200]-201.
651 #0 - SUBJECT ADDED ENTRY--GEOGRAPHIC NAME
Geographic name Bengal (India)
General subdivision Social conditions.

No items available.

Powered by Koha